000 00443pab a2200169 454500
008 180718b2002 xxu||||| |||| 00| 0 eng d
100 _aJarzabkowski, Paula
245 _aTop teams and strategy in a UK university
260 _c2002
300 _ap.355-81.
362 _aMay
650 _aUniversities - Great Britain
650 _aUniversities
700 _aWilson, David C.
773 _aJournal of Management Studies
909 _a53597
999 _c53597
_d53597